00470nam a2200169 a 450000100060000000300090000600800410001504000280005608200190008410000290010324500570013226000430018930000100023265000130024265000240025565000210027912385CO-ViMGA141112s2004 ck r 000 u spa d aCO-ViMGAbspacCO-ViMGA04a349.8602 C65n21 aRodrigez, Rueda Raisbeck10aNuevo Codigo de Procedimiento Civil Proceso Arbitral aBogotá : bBaker - Mackenzie, c1990 a441P.14aCOLOMBIA14aPROCEDIMIENTO CIVIL14aPROCESO ARBITRAL